Lots at stake (Record no. 76952)
[ view plain ]
| 000 -LEADER | |
|---|---|
| fixed length control field | 01259cab a2200181 4500 |
| 001 - CONTROL NUMBER | |
| control field | ##L133362 |
| 008 - FIXED-LENGTH DATA ELEMENTS--GENERAL INFORMATION | |
| fixed length control field | 060503n2006 000 0 eng u |
| 035 ## - SYSTEM CONTROL NUMBER | |
| System control number | (Sirsi) u133362 |
| 041 0# - LANGUAGE CODE | |
| Language code of text/sound track or separate title | eng |
| 100 1# - MAIN ENTRY--PERSONAL NAME | |
| Personal name | Shepherd, Mark |
| 245 00 - TITLE STATEMENT | |
| Title | Lots at stake |
| 260 ## - PUBLICATION, DISTRIBUTION, ETC. | |
| Date of publication, distribution, etc. | 2006 |
| 490 #0 - SERIES STATEMENT | |
| Series statement | Property Week |
| Volume/sequential designation | 71(17) 28 April 2006, 62-63(2) |
| 520 ## - SUMMARY, ETC. | |
| Summary, etc. | The Casino Advisory Panel is due to shortlist prospective locations for the UK's first supercasino at the end of May. Local authorities are competing for a prize that could provide the opportunity to regenerate underused sites and create hundreds of jobs; London and Blackpool are the current favourites. But there is doubt over how many supercasinos will be built and growing concern that many local authorities have already struck preferred bidder arrangements with casino operators. The panel have denied these accusations, insisting that the wining locations will be chosen on the basis of the greatest social impact and regeneration benefits. The proposals of the local authorities shortlisted for the supercasino will be put out for public examination in August and September 2006. |
| 590 ## - LOCAL NOTE (RLIN) | |
| Local note | IKA090506 |
| 690 ## - LOCAL SUBJECT ADDED ENTRY--TOPICAL TERM (OCLC, RLIN) | |
| Topical term or geographic name as entry element | PROPERTY-COMMERCIAL PROPERTY-LEISURE PROPERTY-ENTERTAINMENT PROPERTY |
| 942 ## - ADDED ENTRY ELEMENTS (KOHA) | |
| Suppress in OPAC | 0 |
| Withdrawn status | Lost status | Source of classification or shelving scheme | Damaged status | Not for loan | Home library | Current library | Shelving location | Date acquired | Total Checkouts | Full call number | Barcode | Date last seen | Copy number | Price effective from | Koha item type |
|---|---|---|---|---|---|---|---|---|---|---|---|---|---|---|---|
| Dewey Decimal Classification | London | London | Journal article | 03/05/2006 | L133362 | 133362-1001 | 06/08/2019 | 1 | 06/08/2019 | Journal article |